000 00648nam a22001817a 4500
003 UA-OsUOA
001 13448
007 ta
008 20030530b un ||||| |||| 00| 0 ukr d
100 _aТубіна С.
942 _cSA
040 _aUA-OsUOA
_cUA-OsUOA
_dUA-OsUOA
245 _aВруниться поле хлібом і добром
_b[ Про депутата Володимирец. райради голову СВК " Нива" с. Балаховичі Т. Біднячук ]
300 _aС.2
955 _a0
773 0 _w0
_tВісті Рівненщини
_dРівне
_d2003
_g№39/14 трав./
650 7 _aБіднячук С.
_2UDC
999 _c299609
_d299609